000 00643cam a22002531 4500
001 sa 64008770
003 DLC
005 20260227112056.0
008 890420s1963 ii b 000 0 orio
010 _asa 64008770
035 _a(OCoLC)19576773
040 _aDLC
_cWaU
_dDLC
042 _apremarc
043 _aa-ii---
050 0 0 _aUA842
_b.M23
100 1 _aMahapatra, Bijayananda,
_d1928-
245 1 0 _aBhāratīẏa senā.
260 _c[1963]
300 _a4,3,122, [1] p.
_c18 cm.
500 _aIn Oriya.
504 _aBibliography : p. [123]
610 1 0 _aIndia.
_bArmy
_xOrganization.
650 0 _aMilitary administration.
999 _c61028
_d61028